| 000 | 00352nam a2200145 i 4500 | ||
|---|---|---|---|
| 001 | bg | ||
| 100 | 1 | _aBRIX, Maria | |
| 245 | 0 |
_aZbiór zadań z rachunkowości przedsiębiorstw / _cMaria Brix. |
|
| 260 |
_aKielce, _c1978. |
||
| 040 | _cBPK | ||
| 041 | _apol | ||
| 080 | _a657:66/69](075.8) | ||
| 942 | _cKS | ||
| 008 | s pl f |000 0 pol | ||
| 999 |
_c9669 _d9669 |
||
| 856 |
_uhttp://koha.tu.koszalin.pl/cgi-bin/koha/opac-detail.pl?biblionumber=9669 _yKatalog online BPK |
||